Munkahelyi stressz a felvidéki magyar munkavállalók körében

Bibliográfiai részletek
Szerző: Marosi Emese
További közreműködők: Végh Ferenc
Dokumentumtípus: Záródolgozat
Kulcsszavak:coping
EFT
megküzdés
mindfulness
munkahelyi stressz
stressz
Online Access:http://dolgozattar.uni-bge.hu/59937

MARC

LEADER 00000nta a2200000 i 4500
001 dolg59937
005 20260409145754.0
008 260409suuuu hu o 000 hun d
040 |a BGE Dolgozattár Repozitórium  |b hun 
041 |a hu 
100 1 |a Marosi Emese 
245 1 0 |a Munkahelyi stressz a felvidéki magyar munkavállalók körében  |c Marosi Emese  |h [elektronikus dokumentum] 
516 |a Final_paper 
520 3 |a Dolgozatom központi témája a munkahelyi stressz, azon belül is annak megjelenése és sajátosságai a felvidéki magyar munkavállalók körében. A kutatás célja, hogy feltérképezze, milyen mértékben érinti ez a pszichoszociális jelenség a vizsgált csoportot, valamint hogy feltárja a munkavállalók által alkalmazott megküzdési stratégiákat és a munkahelyi stressz kezelésére rendelkezésre álló lehetőségeket. A dolgozat kérdőíves felmérésre épül, amely kvantitatív adatokkal igyekszik alátámasztani a munkahelyi stressz hatásait, a stresszkezelési eszközöket, illetve a munkáltatói támogatás szintjét. A kutatási eredmények bemutatását követően a munkavállalók lehetőségeit, valamint az egyéni megoldási módokat és preventív eszközöket is górcső alá veszem, rávilágítva a munkahelyi jóllét elősegítésének fontosságára mind vállalati, mind egyéni szinten. 
695 |a coping 
695 |a EFT 
695 |a megküzdés 
695 |a mindfulness 
695 |a munkahelyi stressz 
695 |a stressz 
700 1 |a Végh Ferenc  |e ths 
856 4 0 |u http://dolgozattar.uni-bge.hu/59937/1/Szakdolgozat_Marosi%20Emese_WY92BH.pdf  |z Dokumentum-elérés 
856 4 0 |u http://dolgozattar.uni-bge.hu/59937/2/Marosi%20Emese%20b%C3%ADr%C3%A1lati%20lap%202025.pdf  |z Dokumentum-elérés 
856 4 0 |u http://dolgozattar.uni-bge.hu/59937/3/Marosi%20Emese%20KSZ%20e%CC%81s%20MH%20bi%CC%81ra%CC%81lati%20lap%202025.pdf  |z Dokumentum-elérés